[Event "SD-2020-0-00314"]
[Site "LSS email"]
[Date "2020.12.17"]
[Round "?"]
[White "Grimm, Wolfgang"]
[Black "Stuart, Keith"]
[Result "0-1"]
[WhiteElo "1400"]
[BlackElo "1478"]
[PlyCount "52"]
[EventDate "2020.05.16"]
[EventType "tourn (corr)"]
[EventRounds "6"]
[EventCountry "GER"]
[SourceTitle "Corr 2024"]
[Source "ChessBase"]
[SourceDate "2023.10.19"]
[SourceVersion "1"]
[SourceVersionDate "2023.10.19"]
[SourceQuality "1"]

1. Nf3 d5 2. e3 Nc6 3. d4 Nf6 4. Bb5 g6 5. 0-0 Bg7 6. Ne5 0-0 7. Nxc6 bxc6 8. Bxc6 Rb8 9. Nc3 Ba6 10. Qf3 Bxf1 11. Kxf1 e6 12. Kg1 Qd6 13. Ba4 c5 14. dxc5 Qxc5 15. Bb3 Rfd8 16. Qe2 Ne4 17. Nxe4 dxe4 18. c3 Qa5 19. Qc2 Rxb3 20. Qxb3 Qh5 21. f3 exf3 22. Qc4 Rd1+ 23. Kf2 fxg2 24. Kxg2 Qg5+ 25. Kf3 Rg1 26. Qc8+ Bf8 0-1

[Event "CP-2018-P-00001"]
[Site "LSS email"]
[Date "2018.09.27"]
[Round "?"]
[White "Stuart, Keith"]
[Black "Malmstrom, Jan"]
[Result "0-1"]
[WhiteElo "1469"]
[BlackElo "1711"]
[PlyCount "74"]
[EventDate "2018.10.01"]
[EventType "tourn (corr)"]
[EventRounds "6"]
[EventCountry "GER"]
[SourceTitle "Corr 2022"]
[Source "ChessBase"]
[SourceDate "2021.10.24"]
[SourceVersion "1"]
[SourceVersionDate "2021.10.24"]
[SourceQuality "1"]

1. e4 c5 2. Nf3 d6 3. d4 cxd4 4. Nxd4 Nf6 5. Nc3 g6 6. Be3 Bg7 7. Qd2 Ng4 8. Bb5+ Bd7 9. 0-0 0-0 10. Bxd7 Nxe3 11. fxe3 Nxd7 12. Rad1 Rc8 13. Qe2 a6 14. Qd2 Ne5 15. b3 e6 16. Nce2 b5 17. c3 Bh6 18. a3 Ng4 19. Nc2 Qb6 20. Rf3 Qb7 21. h3 Ne5 22. Rg3 Rfd8 23. Nf4 Bg7 24. Nd4 Bf6 25. h4 Bxh4 26. Rh3 Bf6 27. Rf1 Bg7 28. Qc2 h5 29. Nde2 Rd7 30. a4 bxa4 31. bxa4 Rc4 32. Nd4 Ng4 33. Nfe2 Bh6 34. Qd3 Rxa4 35. Rb1 Qc8 36. Nc2 Rb7 37. Rb4 a5 0-1

[Event "ZL-2018-0-02062"]
[Site "LSS email"]
[Date "2018.02.03"]
[Round "?"]
[White "Salazar Moran, Alejandro Fortunato"]
[Black "Stuart, Keith"]
[Result "1-0"]
[WhiteElo "1375"]
[BlackElo "1393"]
[PlyCount "107"]
[EventDate "2018.01.19"]
[EventType "match (corr)"]
[EventRounds "2"]
[EventCountry "GER"]
[SourceTitle "Corr 2022"]
[Source "ChessBase"]
[SourceDate "2021.10.24"]
[SourceVersion "1"]
[SourceVersionDate "2021.10.24"]
[SourceQuality "1"]

1. e4 e5 2. Nf3 Nc6 3. Bb5 Nf6 4. 0-0 g6 5. Bxc6 dxc6 6. Nxe5 Bg7 7. Re1 0-0 8. Nc3 Nd7 9. Nf3 Ne5 10. h3 Qd6 11. d3 Qb4 12. a3 Qb6 13. Nxe5 Bxe5 14. Na4 Qa5 15. c3 Rd8 16. d4 Bd6 17. Bh6 b6 18. b4 Qb5 19. Nb2 a5 20. Qf3 Be6 21. Nd3 axb4 22. axb4 Be7 23. Ne5 f6 24. Ng4 Bxg4 25. Qxg4 Qc4 26. d5 f5 27. exf5 Qxg4 28. hxg4 Rxa1 29. Rxa1 cxd5 30. fxg6 hxg6 31. Be3 Bf6 32. Bd4 Bxd4 33. cxd4 Re8 34. f3 Re2 35. Ra8+ Kf7 36. Rd8 Rb2 37. Rxd5 Rxb4 38. Rd7+ Ke6 39. Rxc7 Rxd4 40. Rc6+ Rd6 41. Rxd6+ Kxd6 42. Kf2 g5 43. Ke3 Kd5 44. Kd3 Ke5 45. g3 Kd5 46. f4 b5 47. Kc3 Ke4 48. f5 Kd5 49. Kb4 Kc6 50. f6 Kd6 51. Kxb5 Ke6 52. Kc6 Kxf6 53. Kd6 Kf7 54. Ke5 1-0

[Event "CP-2017-P-00027"]
[Site "LSS email"]
[Date "2017.09.27"]
[Round "?"]
[White "Stuart, Keith"]
[Black "Roberts, Anthony"]
[Result "0-1"]
[WhiteElo "1390"]
[BlackElo "2360"]
[PlyCount "68"]
[EventDate "2017.10.01"]
[EventType "tourn (corr)"]
[EventRounds "6"]
[EventCountry "GER"]
[SourceTitle "Corr 2022"]
[Source "ChessBase"]
[SourceDate "2021.10.24"]
[SourceVersion "1"]
[SourceVersionDate "2021.10.24"]
[SourceQuality "1"]

1. e4 c5 2. Nf3 d6 3. d4 cxd4 4. Nxd4 Nf6 5. Nc3 a6 6. Bc4 e6 7. 0-0 Be7 8. Qd3 b5 9. Bb3 0-0 10. Bg5 h6 11. Be3 Qc7 12. f3 Nbd7 13. Qd2 Ne5 14. a4 Nc4 15. Bxc4 bxc4 16. Rfb1 Rd8 17. b3 e5 18. Nde2 d5 19. Nxd5 Nxd5 20. exd5 a5 21. Nc3 Bb4 22. f4 Ra6 23. fxe5 Rg6 24. g3 Qxe5 25. Bd4 Bxc3 26. Bxc3 Rxg3+ 27. hxg3 Qxg3+ 28. Qg2 Qxc3 29. Rf1 Rd6 30. Rae1 Bh3 31. Qf3 Qd4+ 32. Rf2 Rf6 33. Re4 Qa1+ 34. Kh2 Rxf3 0-1

[Event "BI-2016-F-0000"]
[Site "LSS email"]
[Date "2016.02.14"]
[Round "?"]
[White "Stuart, Keith"]
[Black "Falco, Osvaldo"]
[Result "1-0"]
[WhiteElo "1365"]
[BlackElo "1386"]
[PlyCount "35"]
[EventDate "2016.02.20"]
[EventType "tourn (corr)"]
[EventRounds "10"]
[EventCountry "GER"]
[SourceTitle "Corr 2022"]
[Source "ChessBase"]
[SourceDate "2021.10.24"]
[SourceVersion "1"]
[SourceVersionDate "2021.10.24"]
[SourceQuality "1"]

1. e4 d6 2. d4 Nf6 3. Nc3 g6 4. Bc4 Bg7 5. Nf3 0-0 6. Bf4 Bg4 7. h3 Bxf3 8. Qxf3 Nc6 9. 0-0-0 a6 10. e5 Ne8 11. h4 Qc8 12. Qg3 Qf5 13. Bd3 Qc8 14. h5 dxe5 15. dxe5 Qe6 16. hxg6 fxg6 17. Be4 Rb8 18. Bd5 1-0

[Event "BI-2015-P-0000"]
[Site "LSS email"]
[Date "2015.04.16"]
[Round "?"]
[White "Hammerschmidt, Volker"]
[Black "Stuart, Keith"]
[Result "1-0"]
[WhiteElo "2046"]
[BlackElo "1334"]
[PlyCount "73"]
[EventDate "2015.04.22"]
[EventType "tourn (corr)"]
[EventRounds "10"]
[EventCountry "GER"]
[SourceTitle "Corr 2022"]
[Source "ChessBase"]
[SourceDate "2021.10.24"]
[SourceVersion "1"]
[SourceVersionDate "2021.10.24"]
[SourceQuality "1"]

1. e4 e5 2. Nf3 Nc6 3. Bb5 Nf6 4. d3 Bc5 5. c3 a6 6. Bxc6 dxc6 7. Nxe5 Qe7 8. Nf3 Bg4 9. Nbd2 0-0-0 10. Qc2 Bb6 11. h3 Be6 12. b3 Qc5 13. d4 Qh5 14. Nf1 Kb8 15. Ng3 Qb5 16. Bd2 a5 17. Rd1 Rd7 18. c4 Qa6 19. Bc3 h5 20. 0-0 h4 21. Nf5 Bxf5 22. exf5 Re8 23. Rfe1 Rde7 24. Re5 Nd7 25. Rxe7 Rxe7 26. Re1 Rxe1+ 27. Bxe1 Nf6 28. Qd2 a4 29. c5 axb3 30. axb3 Ba7 31. Qg5 b6 32. Qxg7 Nd5 33. cxb6 Bxb6 34. Qxf7 Kb7 35. f6 Qd3 36. Qf8 Qb1 37. f7 1-0

[Event "BI-2015-P-0000"]
[Site "LSS email"]
[Date "2015.04.16"]
[Round "?"]
[White "Kharchuk, Yurij"]
[Black "Stuart, Keith"]
[Result "1-0"]
[WhiteElo "1632"]
[BlackElo "1334"]
[PlyCount "103"]
[EventDate "2015.04.22"]
[EventType "tourn (corr)"]
[EventRounds "10"]
[EventCountry "GER"]
[SourceTitle "Corr 2022"]
[Source "ChessBase"]
[SourceDate "2021.10.24"]
[SourceVersion "1"]
[SourceVersionDate "2021.10.24"]
[SourceQuality "1"]

1. e4 e5 2. Nf3 Nc6 3. Bb5 Nf6 4. 0-0 Bc5 5. Nxe5 Nxe5 6. d4 a6 7. Be2 Nxe4 8. dxc5 Nxc5 9. Qd4 d6 10. f4 Ng6 11. Qxg7 Bf5 12. Re1 Ne6 13. Qc3 Rg8 14. g3 Qe7 15. Bf3 0-0-0 16. Kh1 d5 17. b3 d4 18. Qa5 Bxc2 19. Na3 Bd3 20. Nc4 Bxc4 21. bxc4 Qc5 22. Qa4 Qd6 23. Ba3 Nc5 24. Qa5 b6 25. Bxc5 bxa5 26. Bxd6 Rxd6 27. c5 Re6 28. f5 Rxe1+ 29. Rxe1 Nh8 30. Re4 Rd8 31. Rh4 d3 32. Rxh7 d2 33. Kg2 d1Q 34. Bxd1 Rxd1 35. Rxh8+ Kb7 36. h4 Rd2+ 37. Kf3 Rxa2 38. Rf8 a4 39. Rxf7 a3 40. Re7 Rc2 41. h5 a2 42. Re1 Kc6 43. f6 Rxc5 44. g4 Rc3+ 45. Ke4 Rc2 46. f7 Rf2 47. Ra1 Rxf7 48. Rxa2 a5 49. h6 Kd6 50. Rxa5 Rh7 51. g5 c6 52. Kf5 1-0

[Event "SE-2015-0-00198"]
[Site "LSS email"]
[Date "2015.04.07"]
[Round "?"]
[White "Rivas, Jesus"]
[Black "Stuart, Keith"]
[Result "1/2-1/2"]
[WhiteElo "1427"]
[BlackElo "1314"]
[PlyCount "42"]
[EventDate "2015.02.17"]
[EventType "tourn (corr)"]
[EventRounds "6"]
[EventCountry "GER"]
[SourceTitle "Corr 2022"]
[Source "ChessBase"]
[SourceDate "2021.10.24"]
[SourceVersion "1"]
[SourceVersionDate "2021.10.24"]
[SourceQuality "1"]

1. e4 e5 2. Nf3 Nc6 3. d4 exd4 4. Nxd4 Nf6 5. Nc3 Bb4 6. Nxc6 bxc6 7. Bd3 d5 8. exd5 Qe7+ 9. Qe2 Nxd5 10. Qxe7+ Kxe7 11. Bd2 Rb8 12. 0-0-0 Nxc3 13. Bxc3 Bxc3 14. bxc3 Be6 15. Rhe1 Rhd8 16. Be4 Rxd1+ 17. Rxd1 Bxa2 18. Bxc6 Rb1+ 19. Kd2 Rxd1+ 20. Kxd1 Kd6 21. Ba4 Bd5 1/2-1/2

[Event "SE-2015-0-00198"]
[Site "LSS email"]
[Date "2015.04.07"]
[Round "?"]
[White "Stuart, Keith"]
[Black "Lukin, Andrey"]
[Result "1/2-1/2"]
[WhiteElo "1314"]
[BlackElo "1345"]
[PlyCount "113"]
[EventDate "2015.02.17"]
[EventType "tourn (corr)"]
[EventRounds "6"]
[EventCountry "GER"]
[SourceTitle "Corr 2022"]
[Source "ChessBase"]
[SourceDate "2021.10.24"]
[SourceVersion "1"]
[SourceVersionDate "2021.10.24"]
[SourceQuality "1"]

1. e4 c5 2. Nf3 d6 3. d4 cxd4 4. Nxd4 Nf6 5. Nc3 a6 6. Bc4 e6 7. 0-0 b5 8. Bb3 Bb7 9. f3 Be7 10. Be3 0-0 11. Qe2 Nc6 12. a3 Qc7 13. Qf2 Ne5 14. Qg3 Rfe8 15. Bxe6 Ng6 16. Bb3 Rac8 17. Nf5 Bf8 18. Bd4 Nh5 19. Qg4 Nhf4 20. Rfd1 Ne6 21. Be3 Ne5 22. Qg3 Kh8 23. Bf2 g6 24. Ne3 Nc4 25. Bxc4 bxc4 26. Ned5 Qd8 27. Bb6 Qg5 28. Bd4+ Bg7 29. Bxg7+ Kxg7 30. Qxd6 Rc6 31. Qb4 Bc8 32. g3 h5 33. f4 Qd8 34. e5 Qd7 35. Nf6 Qa7+ 36. Kg2 Rh8 37. Nce4 Rb6 38. Qxc4 Rxb2 39. Qc3 Rb8 40. Rd6 Bb7 41. Qd3 Rhc8 42. Re1 Rc7 43. Kh3 Bxe4 44. Nxe4 a5 45. Rc1 Qb7 46. c4 h4 47. Nf6 hxg3 48. hxg3 Rh8+ 49. Kg4 Qg2 50. Qe4 Qh3+ 51. Kf3 g5 52. f5 Rh4 53. Ng4 Rb7 54. f6+ Kg8 55. Rd3 Rb2 56. Qa8+ Kh7 57. Qe4+ 1/2-1/2

[Event "SE-2015-0-00190"]
[Site "LSS email"]
[Date "2015.01.11"]
[Round "?"]
[White "Esin, Maxim"]
[Black "Stuart, Keith"]
[Result "1-0"]
[WhiteElo "1591"]
[BlackElo "1302"]
[PlyCount "53"]
[EventDate "2014.12.05"]
[EventType "tourn (corr)"]
[EventRounds "6"]
[EventCountry "GER"]
[SourceTitle "Corr 2022"]
[Source "ChessBase"]
[SourceDate "2021.10.24"]
[SourceVersion "1"]
[SourceVersionDate "2021.10.24"]
[SourceQuality "1"]

1. Nf3 d5 2. d4 Nc6 3. c4 Nf6 4. cxd5 Qxd5 5. Nc3 Qa5 6. Bd2 Qf5 7. Rc1 Bd7 8. g4 Nxg4 9. e4 Qh5 10. h3 0-0-0 11. Nb5 a6 12. Nxc7 Kxc7 13. d5 Nf6 14. Qb3 Nxe4 15. Be3 b5 16. dxc6 Bxc6 17. Be2 Qf5 18. Qa3 e5 19. Qa5+ Kd7 20. Rxc6 Kxc6 21. Nh4 Qf6 22. Qxa6+ Kd5 23. Qxb5+ Bc5 24. Qc4+ Kd6 25. Qxe4 g6 26. 0-0 Bxe3 27. fxe3 1-0

[Event "CP-2014-P-00022"]
[Site "LSS email"]
[Date "2014.09.30"]
[Round "?"]
[White "Stuart, Keith"]
[Black "Mroczek, Jacek"]
[Result "1/2-1/2"]
[WhiteElo "1284"]
[BlackElo "2148"]
[PlyCount "48"]
[EventDate "2014.10.01"]
[EventType "tourn (corr)"]
[EventRounds "6"]
[EventCountry "GER"]
[SourceTitle "Corr 2015"]
[Source "ChessBase"]
[SourceDate "2015.07.17"]
[SourceVersion "1"]
[SourceVersionDate "2015.07.17"]
[SourceQuality "1"]

1. e4 e5 2. Nf3 Nc6 3. Nc3 Nf6 4. Bb5 Nd4 5. Nxd4 exd4 6. Nd5 c6 7. Nxf6+ Qxf6 8. Bd3 Bc5 9. 0-0 d6 10. f4 Qh6 11. b3 0-0 12. Bb2 f5 13. Qf3 fxe4 14. Bxe4 Be6 15. Rae1 Rae8 16. Bd3 Qf6 17. f5 Bd5 18. Qg4 Re5 19. Kh1 Rfe8 20. Rxe5 dxe5 21. c4 Bf7 22. Be4 a5 23. d3 Ra8 24. Bc1 Be7 1/2-1/2

[Event "BI-2014-P-0000"]
[Site "LSS email"]
[Date "2014.04.19"]
[Round "?"]
[White "Latib, Ali"]
[Black "Stuart, Keith"]
[Result "1-0"]
[WhiteElo "1806"]
[BlackElo "1246"]
[PlyCount "59"]
[EventDate "2014.04.25"]
[EventType "tourn (corr)"]
[EventRounds "10"]
[EventCountry "GER"]
[SourceTitle "Corr 2022"]
[Source "ChessBase"]
[SourceDate "2021.10.24"]
[SourceVersion "1"]
[SourceVersionDate "2021.10.24"]
[SourceQuality "1"]

1. d4 d5 2. c4 e6 3. Nc3 Nf6 4. Bg5 Bb4 5. e3 0-0 6. cxd5 exd5 7. Bd3 Nc6 8. Nge2 h6 9. Bh4 Bd7 10. a3 g5 11. Bg3 Bd6 12. Bxd6 cxd6 13. h4 Re8 14. hxg5 hxg5 15. Qc2 Rc8 16. 0-0-0 a6 17. Ng3 b5 18. Rh6 b4 19. Bxa6 bxc3 20. Rdh1 cxb2+ 21. Kb1 Ne4 22. Bxc8 Qxc8 23. Nxe4 dxe4 24. Qb3 Bf5 25. g4 Be6 26. d5 Ne5 27. dxe6 fxe6 28. Rh8+ Kg7 29. R8h7+ Kf8 30. Qxb2 1-0

[Event "BI-2014-P-0000"]
[Site "LSS email"]
[Date "2014.04.19"]
[Round "?"]
[White "Pereira, Antonio"]
[Black "Stuart, Keith"]
[Result "0-1"]
[WhiteElo "1343"]
[BlackElo "1246"]
[PlyCount "46"]
[EventDate "2014.04.25"]
[EventType "tourn (corr)"]
[EventRounds "10"]
[EventCountry "GER"]
[SourceTitle "Corr 2022"]
[Source "ChessBase"]
[SourceDate "2021.10.24"]
[SourceVersion "1"]
[SourceVersionDate "2021.10.24"]
[SourceQuality "1"]

1. e4 e5 2. Nc3 Nf6 3. Nf3 Nc6 4. Be2 d5 5. exd5 Nxd5 6. 0-0 Bb4 7. Re1 Be6 8. Bb5 f6 9. Nd4 exd4 10. Rxe6+ Kf7 11. Nxd5 Qxd5 12. Qf1 Na5 13. Re1 a6 14. Be2 Bd6 15. Bf3 Qb5 16. Be2 Qd5 17. c3 c5 18. Bf3 Qf5 19. Be4 Qh5 20. g3 Rhe8 21. b3 dxc3 22. dxc3 Rad8 23. Qg2 Be5 0-1

[Event "SE-2014-0-00162"]
[Site "LSS email"]
[Date "2014.04.01"]
[Round "?"]
[White "Stuart, Keith"]
[Black "Ter Steeg, Ronald"]
[Result "0-1"]
[WhiteElo "1218"]
[BlackElo "1184"]
[PlyCount "110"]
[EventDate "2014.02.09"]
[EventType "tourn (corr)"]
[EventRounds "6"]
[EventCountry "GER"]
[SourceTitle "Corr 2022"]
[Source "ChessBase"]
[SourceDate "2021.10.24"]
[SourceVersion "1"]
[SourceVersionDate "2021.10.24"]
[SourceQuality "1"]

1. e4 e5 2. Nf3 Nc6 3. Nc3 Nf6 4. Bc4 Nxe4 5. Nxe4 d5 6. Bd3 Nb4 7. Ng3 e4 8. Bxe4 dxe4 9. Nxe4 Bf5 10. d3 Bxe4 11. dxe4 Qxd1+ 12. Kxd1 0-0-0+ 13. Bd2 Bc5 14. Ne5 Rhe8 15. Nd3 Nxd3 16. cxd3 Rxd3 17. Kc2 Rd6 18. f3 f5 19. Rae1 fxe4 20. Rxe4 Rxe4 21. fxe4 Rf6 22. g3 Rf2 23. Kd3 b5 24. b3 a6 25. Bc3 g6 26. a4 Rf3+ 27. Kc2 b4 28. Bg7 Re3 29. Rf1 Bd6 30. Bh6 Rxe4 31. Kd3 Re5 32. Bf8 Bxf8 33. Rxf8+ Kb7 34. Kc4 a5 35. Rf7 h5 36. Rf6 Rg5 37. Rf7 Kb6 38. Rf8 Rc5+ 39. Kd4 Rc3 40. Rb8+ Ka7 41. Rb5 c6 42. Rxa5+ Kb6 43. Rg5 c5+ 44. Kd5 Rd3+ 45. Ke4 Rxb3 46. Rxg6+ Ka5 47. Rg5 Rc3 48. Rxh5 b3 49. Rh8 Kxa4 50. Ra8+ Kb4 51. Rb8+ Ka3 52. Ra8+ Kb2 53. g4 Kc2 54. g5 b2 55. Ra2 Kc1 0-1